Countries That Banned Conversion Therapy - Statistics

General Stats
  • This quiz has been taken 28 times
  • The average score is 17 of 25
Answer Stats
Year Country % Correct
2022 Canada
95%
2023 Norway
91%
2022 France
86%
2019 Portugal
86%
2023 Spain
86%
2023 Belgium
82%
2024 Mexico
82%
2020 Germany
77%
2023 Iceland
77%
2010 Argentina
73%
2018 Brazil
73%
2012 Ecuador
73%
2021 Chile
68%
2022 Greece
68%
2022 Paraguay
68%
2021 Peru
68%
2017 Uruguay
68%
2022 New Zealand
64%
2022 Bolivia
59%
2016 Malta
50%
2018 Taiwan
41%
2022 Israel
36%
2020 Albania
32%
2023 Cyprus
32%
2022 Vietnam
32%
No matching quizzes found
Score Distribution
Percent of People with Each Score
Percentile by Number Answered
Your Score History
You have not taken this quiz